000 00796nas a2200253 4500
001 BR0808280
003 BR-BrBNA
005 20231205112830.0
007 ta
008 230509b bl.|||p| |||| 00| 00por d
040 _aBR-BrBNA
_bpor
_cBiblioteca Nacional de Agricultura
041 _a(Pt)
072 _aF30
100 1 _aPompeu, A.S.
100 1 _aDudienas, C.
100 1 _aIto, M.F.
245 1 _aLinhagens de feijoeiro resistentes ao fungo da antracnose (Colletorichum lindermuthianum)obtidas pelo uso dos genes Mex 2 e Mex 3
650 _aFEIJÃO
650 _aGENE
650 _aRESISTÊNCIA
773 0 _tSumma Phytopathologica (Brazil)
_xISSN 0100-5405
_g(Jul-Dec 1992), v. 18(3/4) p. 220-226
_wBR0808280
909 _a202311
_bLúcia
_c55
_dLúcia Elande
942 _2AGRIS
_n0
_cANA
999 _c200264
_d200264